1府22省庁 - Statistics

General Stats
  • This quiz has been taken 18 times
  • The average score is 13 of 23
Answer Stats
ヒント Answer % Correct
財務省 大蔵省
100%
厚生労働省 厚生省
100%
防衛省 防衛庁
93%
文部科学省 文部省
93%
法務省 法務省
86%
外務省 外務省
86%
労働省
86%
環境省 環境庁
79%
農林水産省 農林水産省
71%
郵政省
57%
科学技術庁
57%
国家公安委員会 国家公安委員会
50%
運輸省
50%
建設省
50%
内閣府 総理府
43%
自治省
43%
国土庁
43%
経済産業省 通商産業省
36%
総務省 総務庁
29%
国土交通省 北海道開発庁
29%
沖縄開発庁
21%
経済企画庁
7%
金融再生委員会
0%
No matching quizzes found
Score Distribution
Percent of People with Each Score
Percentile by Number Answered
Your Score History
You have not taken this quiz